00715nam a2200229Ia 4500003000900000008004100009020001800050040001600068080002300084245011000107260003700217300001700254490002700271650004100298650001400339650001300353650002300366650002000389700002200409700003300431700002100464IN-BaIIA211028s9999 xx 000 0 eng d a90-277-2744-9 cIIA Library a082.2:52bIAU-S130 0aLarge scale structures of the universecedited by Jean Audouze, Mariechristine Pelletan and Alex Szalay aDordrechtbKluwer Academicc1988 axxiii, 619p. aIAU symposium; no. 130 aAstronomy and Astrophysics thesaurus aCosmology aGalaxies aInfrared astronomy aRadio astronomy aAudouze, Jean ed. aPelletan, Mariechristine ed. aSzalay, Alex ed.